00637nam a2200157Ia 450000500170000000800410001708200130005810000120007124501030008326000440018630000170023050001150024794200060036295200960036899900150046420250203015738.0240331s9999 xx 000 0 und d bKNOa954 aKnox, R 0a Account of the captivity of Capt. Robert Knox, :b and other englishment, in the island of Ceylon aColombobM.D. Gunasena & Co., Ltdc1818 aXi, 146 p ., aThis book is a reprint of a reprint made in 1908 by A,M, & J. Ferguson of the book as named on the title-page. cL 001040708LaWERCLbWERCLcSSCd2024-03-31l0o 954.9 KNOp362r2024-03-31w2024-03-31yL c4440d4440